[Event "FIDE Open World Blitz 2021"]
[Site "Warsaw"]
[Date "2021.12.29"]
[Round "9.21"]
[White "Schneider, Ilja"]
[Black "Gumularz, Szymon"]
[Result "0-1"]
[WhiteElo "2486"]
[BlackElo "2396"]
[Annotator "ChessBase"]
[PlyCount "114"]
[EventDate "2021.12.29"]
[EventType "swiss"]
[EventCountry "POL"]
[Tiebreak "Cut1 Buchholz"]
[SourceTitle "playchess.com"]
[Source "ChessBase"]
[SourceQuality "1"]

1. e4 d6 2. d4 Nf6 3. Nc3 c6 4. Nge2 b5 5. a3 Nbd7 6. g3 e5 7. Bg2 Be7 8. O-O
O-O 9. f4 Bb7 10. h3 a5 11. b3 Re8 12. Bb2 Bf8 13. dxe5 dxe5 14. fxe5 Nxe5 15.
Qxd8 Raxd8 16. Rad1 Rxd1 17. Rxd1 b4 18. axb4 axb4 19. Na4 c5 20. Nf4 Bxe4 21.
Bxe4 Nxe4 22. Kg2 Ng6 23. Nxg6 hxg6 24. Nb6 Nd6 25. Kf3 f6 26. Rd5 Nf5 27. g4
Nh4+ 28. Kf2 g5 29. Nd7 Be7 30. Nxc5 Rc8 31. Bd4 Ng6 32. Nd3 Rxc2+ 33. Ke3 Rh2
34. Nf2 Nf4 35. Rd7 Kf8 36. Kf3 Nxh3 37. Kg3 Nxf2 38. Kxh2 Nxg4+ 39. Kg3 Nh6
40. Bb6 f5 41. Rb7 Bd6+ 42. Kg2 g4 43. Bd4 Nf7 44. Rb5 g6 45. Bf6 Ke8 46. Rb7
f4 47. Bh4 g5 48. Bf2 f3+ 49. Kf1 g3 50. Bxg3 Bxg3 51. Rxb4 Ne5 52. Re4 Kd7 53.
b4 Kc6 54. Kg1 g4 55. Kf1 Bh2 56. Ke1 Kd5 57. Re3 g3 0-1

[Event "FIDE Open World Blitz 2021"]
[Site "Warsaw"]
[Date "2021.12.29"]
[Round "9.22"]
[White "Harsha, Bharathakoti"]
[Black "Onyshchuk, Volodymyr"]
[Result "0-1"]
[WhiteElo "2576"]
[BlackElo "2622"]
[Annotator "ChessBase"]
[PlyCount "92"]
[EventDate "2021.12.29"]
[EventType "swiss"]
[EventCountry "POL"]
[Tiebreak "Cut1 Buchholz"]
[SourceTitle "playchess.com"]
[Source "ChessBase"]
[SourceQuality "1"]

1. Nf3 g6 2. d4 Bg7 3. c4 d6 4. Nc3 e5 5. g3 Nc6 6. dxe5 Nxe5 7. Bg2 Nxf3+ 8.
Bxf3 Bh3 9. Bxb7 Rb8 10. Bc6+ Kf8 11. Qc2 Ne7 12. Bf3 Qd7 13. Bd2 Nc6 14. Qa4
Nd4 15. Qxd7 Bxd7 16. O-O-O Be6 17. b3 a5 18. Bd5 Bxd5 19. cxd5 Ke7 20. e3 Nb5
21. Kc2 Kd7 22. Na4 Rhe8 23. Bxa5 Na3+ 24. Kc1 Re4 25. Kd2 Rxa4 26. bxa4 Nc4+
27. Kd3 Nxa5 28. Rb1 Nb7 29. Ke2 Kc8 30. Rhc1 Ra8 31. Rc4 Nc5 32. Rbb4 Kd7 33.
e4 g5 34. f3 h5 35. Kf1 Be5 36. Kg2 Rh8 37. Rb5 h4 38. a5 h3+ 39. Kf1 Bxg3 40.
Kg1 Be5 41. a4 g4 42. fxg4 Rg8 43. Kf2 Rxg4 44. Kf3 Rg2 45. Rcxc5 dxc5 46. a6
Rg8 0-1

[Event "FIDE Open World Blitz 2021"]
[Site "Warsaw"]
[Date "2021.12.29"]
[Round "9.22"]
[White "Theodorou, Nikolas"]
[Black "Postny, Evgeny"]
[Result "1/2-1/2"]
[WhiteElo "2351"]
[BlackElo "2557"]
[Annotator "ChessBase"]
[PlyCount "178"]
[EventDate "2021.12.29"]
[EventType "swiss"]
[EventCountry "POL"]
[Tiebreak "Cut1 Buchholz"]
[SourceTitle "playchess.com"]
[Source "ChessBase"]
[SourceQuality "1"]

1. e4 e5 2. d4 exd4 3. c3 dxc3 4. Bc4 Nc6 5. Nxc3 Nf6 6. Nf3 d6 7. O-O Be7 8.
h3 O-O 9. Bf4 Nd7 10. Nd5 Nde5 11. Rc1 Nxc4 12. Rxc4 Be6 13. b4 a6 14. a4 Rc8
15. Qc2 Bf6 16. Rc1 Bxd5 17. exd5 Ne7 18. Qd3 Qd7 19. Bg5 Bxg5 20. Nxg5 Ng6 21.
h4 Rfe8 22. h5 Nf8 23. Rf4 f6 24. Ne4 h6 25. Rxf6 Rxe4 26. Rxf8+ Rxf8 27. Qxe4
Qxa4 28. Qg4 Qe8 29. Rxc7 Qe1+ 30. Kh2 Qe5+ 31. Kh3 Rxf2 32. Rc8+ Rf8 33. Rxf8+
Kxf8 34. Qc8+ Qe8 35. Qxb7 Qxh5+ 36. Kg3 Qe5+ 37. Kf3 Qc3+ 38. Ke4 Qe5+ 39. Kf3
Kg8 40. g4 Kh7 41. Qc6 Qf6+ 42. Ke4 Qe5+ 43. Kf3 Kg6 44. Qc2+ Kg5 45. Qd2+ Kf6
46. Qd3 g6 47. Kg2 Qb2+ 48. Kf3 Qxb4 49. Qxa6 Qb3+ 50. Ke4 Qc2+ 51. Ke3 Qc3+
52. Ke4 Qe5+ 53. Kf3 Qxd5+ 54. Kg3 Qe5+ 55. Kh3 Kg5 56. Qd3 h5 57. Qd2+ Qf4 58.
Qd5+ Kh6 59. g5+ Qxg5 60. Qxd6 Qf5+ 61. Kh2 Qf2+ 62. Kh1 Qe1+ 63. Kh2 Qe2+ 64.
Kh1 Qf3+ 65. Kh2 Qf5 66. Qe7 Qf4+ 67. Kh1 Qf3+ 68. Kh2 Qf2+ 69. Kh1 Qf1+ 70.
Kh2 Qf4+ 71. Kh1 h4 72. Qd8 Qf3+ 73. Kh2 Qf2+ 74. Kh1 Qf1+ 75. Kh2 Qf4+ 76. Kh1
Kh5 77. Qd5+ g5 78. Qd1+ Qg4 79. Qd8 Qh3+ 80. Kg1 Qg3+ 81. Kh1 Qf3+ 82. Kg1
Qe3+ 83. Kh1 Qe4+ 84. Kh2 Qe5+ 85. Kh1 h3 86. Qd1+ g4 87. Qc2 Kh4 88. Qf2+ g3
89. Qd4+ Qxd4 1/2-1/2

[Event "FIDE Open World Blitz 2021"]
[Site "Warsaw"]
[Date "2021.12.29"]
[Round "9.23"]
[White "Gagunashvili, Merab"]
[Black "Maghsoodloo, Parham"]
[Result "0-1"]
[WhiteElo "2575"]
[BlackElo "2706"]
[Annotator "ChessBase"]
[PlyCount "54"]
[EventDate "2021.12.29"]
[EventType "swiss"]
[EventCountry "POL"]
[Tiebreak "Cut1 Buchholz"]
[SourceTitle "playchess.com"]
[Source "ChessBase"]
[SourceQuality "1"]

1. d4 Nf6 2. Nf3 d5 3. c4 e6 4. Nc3 dxc4 5. e3 a6 6. Bxc4 b5 7. Bd3 Bb7 8. O-O
Nbd7 9. b3 Bd6 10. Bb2 O-O 11. Qe2 Qe7 12. Rfd1 e5 13. dxe5 Nxe5 14. Nxe5 Qxe5
15. f4 Qe6 16. h3 Rfe8 17. Re1 Bc5 18. Nd1 Nd5 19. Kh2 Qh6 20. Qf2 Nxf4 21. Bf1
Re6 22. Nc3 Nxh3 23. gxh3 Bd6+ 24. Kg1 Rg6+ 25. Bg2 Bxg2 26. Qxg2 Qxh3 27. Qxg6
fxg6 0-1

[Event "FIDE Open World Blitz 2021"]
[Site "Warsaw"]
[Date "2021.12.29"]
[Round "9.23"]
[White "Samunenkov, Ihor"]
[Black "Van Foreest, Lucas"]
[Result "0-1"]
[WhiteElo "2348"]
[BlackElo "2532"]
[Annotator "ChessBase"]
[PlyCount "82"]
[EventDate "2021.12.29"]
[EventType "swiss"]
[EventCountry "POL"]
[Tiebreak "Cut1 Buchholz"]
[SourceTitle "playchess.com"]
[Source "ChessBase"]
[SourceQuality "1"]

1. d4 Nf6 2. g3 d5 3. Nf3 e6 4. Bg2 Be7 5. c4 O-O 6. Qc2 c5 7. dxc5 Qa5+ 8. Nc3
Qxc5 9. O-O Qxc4 10. Ne5 Qc7 11. Bf4 g5 12. Ng6 gxf4 13. Nxf8 Bxf8 14. Qd2 Nc6
15. gxf4 Bd7 16. e3 a6 17. Kh1 Bg7 18. Bf3 Kh8 19. Rg1 Rg8 20. Rac1 Qd8 21. Na4
Ne7 22. Nc5 Bc6 23. Nd3 d4 24. Ne5 Bxf3+ 25. Nxf3 Qd5 26. Qd1 Ne4 27. Rg2 d3
28. Qg1 d2 29. Rd1 Bxb2 30. Rxg8+ Nxg8 31. Qg2 Ngf6 32. Kg1 Bc3 33. h3 h6 34.
Qf1 b5 35. a3 a5 36. Qe2 b4 37. axb4 axb4 38. Kh2 b3 39. Qa6 Kh7 40. Qa7 Nd6
41. Qb8 Qxf3 0-1

[Event "FIDE Open World Blitz 2021"]
[Site "Warsaw"]
[Date "2021.12.29"]
[Round "9.24"]
[White "Gelfand, Boris"]
[Black "Gajewski, Grzegorz"]
[Result "1/2-1/2"]
[WhiteElo "2674"]
[BlackElo "2589"]
[Annotator "ChessBase"]
[PlyCount "75"]
[EventDate "2021.12.29"]
[EventType "swiss"]
[EventCountry "POL"]
[Tiebreak "Cut1 Buchholz"]
[SourceTitle "playchess.com"]
[Source "ChessBase"]
[SourceQuality "1"]

1. Nf3 d5 2. d4 Nf6 3. c4 e6 4. g3 Bb4+ 5. Bd2 Be7 6. Bg2 O-O 7. Qc2 Nbd7 8.
Nc3 dxc4 9. Rd1 Rb8 10. Nb5 Nb6 11. O-O Bd7 12. Nc3 Nbd5 13. Ne5 b5 14. e4 Nxc3
15. Bxc3 Qc8 16. d5 exd5 17. Nxd7 Nxd7 18. Bh3 Qe8 19. Rxd5 Nc5 20. b4 cxb3 21.
axb3 c6 22. Rd2 Ne6 23. Ra1 Rb7 24. Qb2 Bc5 25. b4 Bb6 26. Rd6 Rd7 27. Rxd7
Qxd7 28. Bxg7 Bd4 29. Bxe6 Bxb2 30. Bxd7 Bxa1 31. Bxa1 Rd8 32. Bg4 Rd3 33. Bf6
a5 34. bxa5 b4 35. a6 Ra3 36. Be7 Ra1+ 37. Kg2 b3 38. Bf6 1/2-1/2

[Event "FIDE Open World Blitz 2021"]
[Site "Warsaw"]
[Date "2021.12.29"]
[Round "9.24"]
[White "Kantor, Gergely"]
[Black "Wieczorek, Oskar"]
[Result "1-0"]
[WhiteElo "2566"]
[BlackElo "2258"]
[Annotator "ChessBase"]
[PlyCount "120"]
[EventDate "2021.12.29"]
[EventType "swiss"]
[EventCountry "POL"]
[Tiebreak "Cut1 Buchholz"]
[SourceTitle "playchess.com"]
[Source "ChessBase"]
[SourceQuality "1"]

1. e4 c5 2. Nf3 g6 3. Bc4 Bg7 4. d3 Nc6 5. a3 e6 6. Nc3 Nge7 7. O-O d5 8. Ba2
h6 9. Re1 O-O 10. h4 Nd4 11. Bf4 Nxf3+ 12. Qxf3 d4 13. Ne2 e5 14. Bd2 h5 15.
Bg5 Bg4 16. Qg3 Kh7 17. f3 Bd7 18. Rf1 f6 19. Bd2 f5 20. Bg5 f4 21. Qh2 Bf6 22.
g3 Bxg5 23. hxg5 Nc6 24. gxf4 exf4 25. Nxf4 Qxg5+ 26. Ng2 Rae8 27. Rf2 Kg7 28.
Kh1 h4 29. Rg1 h3 30. f4 hxg2+ 31. Rfxg2 Qxg2+ 32. Kxg2 Rh8 33. Qg3 Rh3 34.
Qxh3 Bxh3+ 35. Kxh3 Kf6 36. Kg3 g5 37. Rh1 gxf4+ 38. Kxf4 Ne5 39. Rh7 Ng6+ 40.
Kg3 Re7 41. Rxe7 Kxe7 42. Bd5 b6 43. Kg4 Kd6 44. Kg5 Ne5 45. Kf5 b5 46. Bb7 c4
47. Ba6 cxd3 48. cxd3 Nxd3 49. Bxb5 Nxb2 50. e5+ Ke7 51. Ke4 d3 52. Bxd3 Nxd3
53. Kxd3 Ke6 54. Kd4 a5 55. a4 Kd7 56. Kd5 Ke7 57. Kc5 Ke6 58. Kb5 Kxe5 59.
Kxa5 Kd6 60. Kb6 Kd5 1-0

[Event "FIDE Open World Blitz 2021"]
[Site "Warsaw"]
[Date "2021.12.29"]
[Round "9.25"]
[White "Zvjaginsev, Vadim"]
[Black "Donchenko, Alexander"]
[Result "1-0"]
[WhiteElo "2609"]
[BlackElo "2645"]
[Annotator "ChessBase"]
[PlyCount "83"]
[EventDate "2021.12.29"]
[EventType "swiss"]
[EventCountry "POL"]
[Tiebreak "Cut1 Buchholz"]
[SourceTitle "playchess.com"]
[Source "ChessBase"]
[SourceQuality "1"]

1. c4 Nf6 2. Nc3 c5 3. Nf3 e6 4. e4 Nc6 5. Be2 Qb6 6. O-O Be7 7. a3 O-O 8. b4
cxb4 9. axb4 Bxb4 10. e5 Ng4 11. Na4 Qc7 12. d4 f6 13. h3 Nh6 14. Bxh6 gxh6 15.
exf6 Rxf6 16. d5 Ne5 17. c5 Nxf3+ 18. Bxf3 Bxc5 19. Nxc5 Qxc5 20. Rc1 Qf8 21.
d6 a5 22. Qd4 a4 23. Rc7 a3 24. Ra1 Qg7 25. Ra2 Rf8 26. Qd3 Ra5 27. Rxa3 b6 28.
Rxa5 bxa5 29. Qb5 Rxf3 30. Rxc8+ Rf8 31. Rc7 Qa1+ 32. Kh2 Rf7 33. Rxd7 Rxd7 34.
Qxd7 Qe5+ 35. g3 Qd4 36. Qd8+ Kg7 37. Qe7+ Kg8 38. Qxe6+ Kf8 39. Kg2 Qb6 40.
Qe7+ Kg8 41. d7 Qc6+ 42. Kh2 1-0

[Event "FIDE Open World Blitz 2021"]
[Site "Warsaw"]
[Date "2021.12.29"]
[Round "9.25"]
[White "Carlsson, Pontus"]
[Black "Babazada, Khazar"]
[Result "0-1"]
[WhiteElo "2457"]
[BlackElo "2302"]
[Annotator "ChessBase"]
[PlyCount "71"]
[EventDate "2021.12.29"]
[EventType "swiss"]
[EventCountry "POL"]
[Tiebreak "Cut1 Buchholz"]
[SourceTitle "playchess.com"]
[Source "ChessBase"]
[SourceQuality "1"]

1. e4 Nf6 2. e5 Nd5 3. d4 d6 4. Bc4 Nb6 5. Bb3 g6 6. Nf3 Bg7 7. O-O O-O 8. h3
Nc6 9. exd6 cxd6 10. c3 Bf5 11. Bg5 Qc7 12. Na3 a6 13. d5 Na5 14. Re1 Rfe8 15.
Nd4 Nxb3 16. axb3 Bd7 17. c4 e5 18. dxe6 fxe6 19. Rc1 e5 20. Ndc2 Bc6 21. Ne3
Rf8 22. b4 Rae8 23. b5 Bd7 24. bxa6 bxa6 25. b4 Be6 26. c5 dxc5 27. bxc5 Nd7
28. Nd5 Qa5 29. Ne7+ Kh8 30. c6 Nf6 31. Qd6 e4 32. Be3 Bc8 33. Nc4 Qh5 34. Nb6
Bxh3 35. gxh3 Qxh3 36. c7 0-1

[Event "FIDE Open World Blitz 2021"]
[Site "Warsaw"]
[Date "2021.12.29"]
[Round "9.26"]
[White "Timofeev, Artyom"]
[Black "Moroni, Luca Jr"]
[Result "1/2-1/2"]
[WhiteElo "2586"]
[BlackElo "2580"]
[Annotator "ChessBase"]
[PlyCount "77"]
[EventDate "2021.12.29"]
[EventType "swiss"]
[EventCountry "POL"]
[Tiebreak "Cut1 Buchholz"]
[SourceTitle "playchess.com"]
[Source "ChessBase"]
[SourceQuality "1"]

1. c4 g6 2. Nc3 Bg7 3. g3 d6 4. Bg2 Nc6 5. e3 h5 6. Nf3 Bd7 7. d4 Qc8 8. h3 Nf6
9. b3 a6 10. Bb2 Rb8 11. Rc1 O-O 12. Ng5 e5 13. dxe5 Nxe5 14. f4 Nc6 15. O-O
Nh7 16. Nxh7 Kxh7 17. Kh2 Ne7 18. Qd2 Bc6 19. e4 Qd7 20. Nd5 Bxd5 21. cxd5 Bxb2
22. Qxb2 c6 23. dxc6 bxc6 24. Rfd1 Qe6 25. f5 gxf5 26. exf5 Nxf5 27. Rxc6 Rg8
28. Qc2 Qe5 29. Qc3 Nxg3 30. Qxe5 dxe5 31. Rxa6 h4 32. Rd7 Rg7 33. Raa7 Kg8 34.
Re7 e4 35. Rab7 Rc8 36. Rbc7 Rd8 37. Rcd7 Rc8 38. Rc7 Rd8 39. Rcd7 1/2-1/2

[Event "FIDE Open World Blitz 2021"]
[Site "Warsaw"]
[Date "2021.12.29"]
[Round "9.26"]
[White "Elier, Ali"]
[Black "Nasuta, Grzegorz"]
[Result "0-1"]
[WhiteElo "2194"]
[BlackElo "2377"]
[Annotator "NA"]
[PlyCount "96"]
[EventDate "2021.12.29"]
[EventType "swiss"]
[EventCountry "POL"]
[Tiebreak "Cut1 Buchholz"]
[SourceTitle "playchess.com"]
[Source "ChessBase"]
[SourceQuality "1"]

1. e4 c5 2. d4 cxd4 3. c3 Nf6 4. e5 Nd5 5. Nf3 e6 6. cxd4 d6 7. Bd3 Nc6 8. O-O
Ndb4 9. Be4 d5 10. Bd3 Nxd3 11. Qxd3 Be7 12. Nc3 Bd7 13. Bf4 Na5 14. Rac1 O-O
15. b3 Rc8 16. Nb5 Qb6 17. Nc3 h6 18. Rfd1 Ba3 19. Rb1 Bb4 20. Ne2 Bb5 21. Qe3
Rc2 22. Ng3 Rc3 23. Qe1 Rxf3 24. Qxb4 Rxf4 25. a4 Bd7 26. Qd2 Rg4 27. f3 Rg6
28. Ne2 Nc6 29. Nf4 Nxe5 30. Nxg6 Nxg6 31. Kh1 Qd6 32. Rbc1 Bc6 33. a5 a6 34.
b4 Ne7 35. Qe3 Nf5 36. Qf2 Qxb4 37. g4 Ne7 38. Ra1 Rc8 39. Qh4 Qd6 40. Rac1 Ng6
41. Qf2 Qf4 42. h4 e5 43. dxe5 Nxe5 44. Rc3 Nxg4 45. Qg1 Nf6 46. Rd4 Qf5 47.
Qg2 Re8 48. Kh2 Qe5+ 0-1

[Event "FIDE Open World Blitz 2021"]
[Site "Warsaw"]
[Date "2021.12.29"]
[Round "9.27"]
[White "Indjic, Aleksandar"]
[Black "Rapport, Richard"]
[Result "0-1"]
[WhiteElo "2603"]
[BlackElo "2763"]
[Annotator "ChessBase"]
[PlyCount "101"]
[EventDate "2021.12.29"]
[EventType "swiss"]
[EventCountry "POL"]
[Tiebreak "Cut1 Buchholz"]
[SourceTitle "playchess.com"]
[Source "ChessBase"]
[SourceQuality "1"]

1. d4 e6 2. Bf4 c5 3. e3 Nf6 4. Nf3 cxd4 5. exd4 Be7 6. h3 O-O 7. Nbd2 b6 8. a4
Ba6 9. Bb5 Bb7 10. O-O Na6 11. Bh2 Nc7 12. Bd3 d6 13. Re1 Re8 14. c3 Bf8 15.
Nc4 Ncd5 16. Bf1 a6 17. Qb3 Rb8 18. Nfd2 Qc7 19. Na3 Nd7 20. c4 N5f6 21. Qc2 e5
22. d5 a5 23. Nb5 Qd8 24. b4 axb4 25. Qb2 Nc5 26. Qxb4 Ra8 27. Ra3 g6 28. Rea1
Ra5 29. Nc3 Nfd7 30. Rb1 Bc8 31. Nde4 Na6 32. Qb2 f5 33. Nd2 Nac5 34. Qc2 Ra8
35. Nb5 Nf6 36. Rba1 Ra5 37. Nb3 Nxb3 38. Rxb3 Ne4 39. f4 Bd7 40. fxe5 dxe5 41.
Kh1 Bc5 42. Rf3 Qh4 43. Ra2 Qe1 44. Qe2 Qxe2 45. Bxe2 Bxb5 46. cxb5 Nf2+ 47.
Rxf2 Bxf2 48. d6 Bc5 49. Bc4+ Kf8 50. d7 Rd8 51. Bxe5 0-1

[Event "FIDE Open World Blitz 2021"]
[Site "Warsaw"]
[Date "2021.12.29"]
[Round "9.27"]
[White "Berchtenbreiter, Maximilian"]
[Black "Sadzikowski, Daniel"]
[Result "1/2-1/2"]
[WhiteElo "2506"]
[BlackElo "2415"]
[Annotator "ChessBase"]
[PlyCount "89"]
[EventDate "2021.12.29"]
[EventType "swiss"]
[EventCountry "POL"]
[Tiebreak "Cut1 Buchholz"]
[SourceTitle "playchess.com"]
[Source "ChessBase"]
[SourceQuality "1"]

1. e4 c5 2. Nf3 d6 3. d4 cxd4 4. Nxd4 Nf6 5. Nc3 a6 6. Bg5 e6 7. Qe2 h6 8. Bh4
Be7 9. O-O-O Nxe4 10. Qxe4 Bxh4 11. Nf5 Qg5+ 12. Kb1 Qxf5 13. Qxh4 d5 14. Bd3
Qf6 15. Qg3 O-O 16. f4 Nc6 17. Rhf1 Bd7 18. Qf2 b5 19. g4 b4 20. Na4 Rab8 21.
Nc5 Bc8 22. h4 Qe7 23. g5 h5 24. g6 fxg6 25. Bxg6 Qf6 26. Qg3 Ne7 27. Bd3 Nf5
28. Bxf5 Qxf5 29. Rde1 Qf6 30. f5 Rb5 31. Qd6 exf5 32. Qxd5+ Qf7 33. Qd4 Qf6
34. Qd5+ Kh8 35. Qc4 Qc6 36. Re5 Be6 37. Qd4 Bg8 38. Rg1 Qf6 39. Nd7 Rd8 40.
Nxf6 Rxd4 41. Re8 gxf6 42. Rexg8+ Kh7 43. R8g7+ Kh8 44. Rg8+ Kh7 45. R8g7+
1/2-1/2

[Event "FIDE Open World Blitz 2021"]
[Site "Warsaw"]
[Date "2021.12.29"]
[Round "9.28"]
[White "Petrosian, Tigran L."]
[Black "Abdusattorov, Nodirbek"]
[Result "0-1"]
[WhiteElo "2602"]
[BlackElo "2646"]
[Annotator "ChessBase"]
[PlyCount "78"]
[EventDate "2021.12.29"]
[EventType "swiss"]
[EventCountry "POL"]
[Tiebreak "Cut1 Buchholz"]
[SourceTitle "playchess.com"]
[Source "ChessBase"]
[SourceQuality "1"]

1. Nf3 Nf6 2. g3 b6 3. d3 g6 4. Bg2 Bb7 5. O-O Bg7 6. e4 O-O 7. e5 Ne8 8. Re1
c5 9. c3 Nc7 10. d4 d6 11. exd6 exd6 12. Bg5 Qd7 13. dxc5 dxc5 14. Na3 Ne6 15.
Qxd7 Nxd7 16. Rad1 Bc6 17. Be7 Rfe8 18. Bd6 Rad8 19. h4 b5 20. Nc2 Nb6 21. Ne5
Bxg2 22. Kxg2 Nc8 23. Bb8 Ne7 24. Rxd8 Rxd8 25. Bxa7 Rd2 26. Na1 Bxe5 27. Rxe5
Nc6 28. Rxe6 fxe6 29. Bxc5 Rxb2 30. Nb3 Rxa2 31. Nd4 Nxd4 32. Bxd4 Rd2 33. Bc5
Rd3 34. Bb4 e5 35. f3 Rd2+ 36. Kh3 Rf2 37. Kg4 Kf7 38. f4 e4 39. Bc5 h5+ 0-1

[Event "FIDE Open World Blitz 2021"]
[Site "Warsaw"]
[Date "2021.12.29"]
[Round "9.28"]
[White "Parligras, Mircea-Emilian"]
[Black "Tologontegin, Semetey"]
[Result "1/2-1/2"]
[WhiteElo "2576"]
[BlackElo "2224"]
[Annotator "ChessBase"]
[PlyCount "134"]
[EventDate "2021.12.29"]
[EventType "swiss"]
[EventCountry "POL"]
[Tiebreak "Cut1 Buchholz"]
[SourceTitle "playchess.com"]
[Source "ChessBase"]
[SourceQuality "1"]

1. d4 Nf6 2. c4 e6 3. Nf3 b6 4. a3 g6 5. Nc3 Bb7 6. Bf4 Bg7 7. e3 O-O 8. Be2 d6
9. O-O Nbd7 10. h3 Re8 11. Qc2 e5 12. Bh2 exd4 13. exd4 Ne4 14. Rfe1 Nxc3 15.
bxc3 Be4 16. Qd2 h6 17. a4 a5 18. Bd1 Nf6 19. Re3 Qd7 20. Bb3 Re7 21. Rae1 Rae8
22. Qd1 Kf8 23. c5 Bxf3 24. Qxf3 bxc5 25. dxc5 d5 26. Be5 Ne4 27. Bxg7+ Kxg7
28. Qd1 c6 29. Qd4+ f6 30. Bc2 Ng5 31. Qd3 f5 32. h4 Ne4 33. h5 Nf6 34. hxg6
Rxe3 35. Rxe3 Rxe3 36. Qxe3 Kxg6 37. Qg3+ Kf7 38. Qf4 Kg6 39. g4 Ne4 40. f3 Qe7
41. Qxf5+ Kg7 42. fxe4 Qxc5+ 43. Qf2 Qxc3 44. exd5 cxd5 45. Kg2 Qb4 46. Qf5
Qd2+ 47. Qf2 Qb4 48. Qe2 Kf6 49. Qf3+ Kg7 50. Kh3 Qd2 51. Qd3 Qf4 52. Qxd5 Qe3+
53. Kh4 Qf2+ 54. Kh3 Qxc2 55. Qxa5 Qd3+ 56. Kh4 Qd4 57. Qc7+ Kg6 58. Qc6+ Kg7
59. Qb7+ Kg6 60. Qc6+ Kg7 61. Qb5 Qf2+ 62. Kh3 Qf3+ 63. Kh2 Qf2+ 64. Kh1 Qf3+
65. Kh2 Qf2+ 66. Kh3 Qf3+ 67. Kh2 Qf2+ 1/2-1/2

[Event "FIDE Open World Blitz 2021"]
[Site "Warsaw"]
[Date "2021.12.29"]
[Round "9.29"]
[White "Alekseenko, Kirill"]
[Black "Van Foreest, Jorden"]
[Result "1-0"]
[WhiteElo "2710"]
[BlackElo "2566"]
[Annotator "ChessBase"]
[PlyCount "95"]
[EventDate "2021.12.29"]
[EventType "swiss"]
[EventCountry "POL"]
[Tiebreak "Cut1 Buchholz"]
[SourceTitle "playchess.com"]
[Source "ChessBase"]
[SourceQuality "1"]

1. e4 e5 2. Nf3 Nc6 3. Bb5 a6 4. Ba4 d6 5. O-O Bd7 6. c4 g6 7. d4 exd4 8. Nxd4
Bg7 9. Bxc6 bxc6 10. Nc3 Nf6 11. f3 O-O 12. Be3 Re8 13. Qd2 a5 14. Rad1 a4 15.
Rfe1 Qb8 16. Kh1 Qb4 17. b3 axb3 18. axb3 Ra3 19. Rb1 Rea8 20. Nc2 Qb7 21. Nxa3
Rxa3 22. Qc2 c5 23. e5 dxe5 24. Bxc5 Ra8 25. Ra1 Re8 26. b4 e4 27. Ra7 Qc6 28.
Nxe4 Nh5 29. Qf2 Nf4 30. b5 Qe6 31. Rd1 Bc8 32. Rxc7 Qxc4 33. b6 Be5 34. Bd6
Qb3 35. Qc2 Qxc2 36. Rxc2 Bb7 37. Bxe5 Rxe5 38. Rc7 Bxe4 39. fxe4 Rb5 40. b7
Kg7 41. Rf1 Kh6 42. h3 g5 43. Rxf7 Kg6 44. Rc7 Ne2 45. Kh2 Nf4 46. Rfc1 Rb2 47.
R1c2 Rb3 48. R2c6+ 1-0

[Event "FIDE Open World Blitz 2021"]
[Site "Warsaw"]
[Date "2021.12.29"]
[Round "9.29"]
[White "Bartel, Mateusz"]
[Black "Lubczynski, Rafal"]
[Result "0-1"]
[WhiteElo "2619"]
[BlackElo "2361"]
[Annotator "ChessBase"]
[PlyCount "86"]
[EventDate "2021.12.29"]
[EventType "swiss"]
[EventCountry "POL"]
[Tiebreak "Cut1 Buchholz"]
[SourceTitle "playchess.com"]
[Source "ChessBase"]
[SourceQuality "1"]

1. e4 d6 2. d4 Nf6 3. Nc3 e5 4. Nf3 Nbd7 5. Rg1 c6 6. g4 Qa5 7. Bd2 h6 8. h4
Qb6 9. g5 hxg5 10. hxg5 Nh5 11. Na4 Qc7 12. c4 exd4 13. Nxd4 Nc5 14. Nc3 g6 15.
Be3 Bg7 16. Qf3 Qe7 17. O-O-O Bd7 18. Qg2 Be5 19. Nde2 O-O-O 20. f4 Bg7 21. Qf3
Rhe8 22. Bg2 Qe6 23. Bxc5 dxc5 24. b3 Bxc3 25. Nxc3 Qg4 26. Qxg4 Bxg4 27. Rxd8+
Rxd8 28. Bf1 Bf3 29. Be2 Bxe2 30. Nxe2 Rd3 31. f5 Re3 32. Kd2 Rxe4 33. f6 Re5
34. Kd3 Kd7 35. Rg4 Ke6 36. Nc3 Kf5 37. Rg1 Nf4+ 38. Kd2 Ne6 39. Nd1 Kf4 40.
Nf2 Kf3 41. Nh3 Re2+ 42. Kd3 Rh2 43. Re1 Rxh3 0-1

[Event "FIDE Open World Blitz 2021"]
[Site "Warsaw"]
[Date "2021.12.29"]
[Round "9.30"]
[White "Demidov, Mikhail"]
[Black "Quparadze, Giga"]
[Result "0-1"]
[WhiteElo "2592"]
[BlackElo "2475"]
[Annotator "ChessBase"]
[PlyCount "158"]
[EventDate "2021.12.29"]
[EventType "swiss"]
[EventCountry "POL"]
[Tiebreak "Cut1 Buchholz"]
[SourceTitle "playchess.com"]
[Source "ChessBase"]
[SourceQuality "1"]

1. Nf3 c5 2. g3 Nc6 3. Bg2 g6 4. O-O Bg7 5. c3 e5 6. d3 d5 7. a3 a5 8. a4 Nge7
9. Na3 O-O 10. Nb5 h6 11. e4 Be6 12. Qe2 Qd7 13. exd5 Nxd5 14. Nd2 Rad8 15. Ne4
b6 16. Nd2 Bg4 17. Bf3 Bxf3 18. Qxf3 f5 19. Nc4 f4 20. Nbd6 Nce7 21. g4 Qe6 22.
Ne4 Nf6 23. Nxf6+ Bxf6 24. Re1 Bg7 25. Bd2 h5 26. gxh5 gxh5 27. Rad1 Nf5 28.
Kh1 Nh4 29. Qxh5 Qd5+ 30. Re4 Qxd3 31. Rde1 Qf3+ 32. Qxf3 Nxf3 33. Rd1 Rf6 34.
Kg2 Rd3 35. h4 Nxh4+ 36. Kf1 Rh3 37. Ke2 Ng6 38. Rg1 Re6 39. Kd1 Kf7 40. Kc2
Rh2 41. Rf1 Nh4 42. Kd1 Nf3 43. Kc2 Bf6 44. Re2 Bd8 45. Be1 Bc7 46. Nd2 Ng5 47.
Ne4 Nxe4 48. Rxe4 Kf6 49. Kb3 Kf5 50. f3 Rg6 51. Kc4 Rgg2 52. Kd5 Rxb2 53. Kc6
Bd8 54. c4 Rb3 55. Kd7 Bf6 56. Kc6 Rb1 57. Rf2 Rxf2 58. Bxf2 Rb3 59. Re2 Bd8
60. Kd7 Bg5 61. Kc6 Bf6 62. Be1 Be7 63. Kd7 Bf8 64. Kc6 Bg7 65. Bh4 Rb4 66. Rg2
Bf6 67. Be1 Rxa4 68. Kb5 Ra1 69. Bc3 Rb1+ 70. Kc6 Rb3 71. Rc2 a4 72. Rc1 a3 73.
Rc2 a2 74. Ba1 Rxf3 75. Rxa2 Rb3 76. Rh2 f3 77. Rh3 e4 78. Bxf6 Kxf6 79. Kd5
Re3 0-1

[Event "FIDE Open World Blitz 2021"]
[Site "Warsaw"]
[Date "2021.12.29"]
[Round "9.30"]
[White "Gdanski, Jacek"]
[Black "Lima, Darcy"]
[Result "1/2-1/2"]
[WhiteElo "2367"]
[BlackElo "2379"]
[Annotator "NA"]
[PlyCount "76"]
[EventDate "2021.12.29"]
[EventType "swiss"]
[EventCountry "POL"]
[Tiebreak "Cut1 Buchholz"]
[SourceTitle "playchess.com"]
[Source "ChessBase"]
[SourceQuality "1"]

1. e4 e5 2. Nf3 Nc6 3. Bb5 Bc5 4. O-O Nd4 5. Nxd4 Bxd4 6. c3 Bb6 7. d4 c6 8.
Ba4 d6 9. Be3 Nf6 10. Nd2 Ng4 11. Nc4 Nxe3 12. fxe3 O-O 13. Nxb6 axb6 14. Bb3
Qg5 15. Qf3 Be6 16. Bxe6 fxe6 17. Qh3 Rxf1+ 18. Rxf1 Re8 19. a4 h6 20. Qf3 Kh7
21. h3 c5 22. d5 exd5 23. exd5 e4 24. Qf5+ Qxf5 25. Rxf5 Kg6 26. g4 c4 27. Kg2
Re5 28. Rf4 b5 29. a5 Rxd5 30. Rxe4 Rd2+ 31. Kf3 Kf6 32. Rd4 Rxd4 33. exd4 d5
34. Kf4 g5+ 35. Ke3 Ke6 36. Kd2 Kd6 37. Kc2 Kc6 38. b4 Kd6 1/2-1/2